La trigonometría /

Guardado en:
Autor Principal: Larotonda, Ángel Rafael, 1939-2005.
Formato: Libro
Idioma:Spanish
Publicado: Buenos Aires : Editorial Docencia, 1979.
Edición:1ª ed.
Series:Matemática preuniversitaria
Etiquetas: Agregar Etiqueta
Sin Etiquetas, Sea el primero en etiquetar este registro!
LEADER 00488nam a22001575a 4500
001 MAT.inmabb002541
008 050308s1979####ag#a##########001#0#spa#d
005 20170524123848.0
245 1 3 |a La trigonometría /  |c Angel Larotonda. 
250 |a 1ª ed. 
260 |a Buenos Aires :  |b Editorial Docencia,  |c 1979. 
300 |a 34 p. :  |b il. ;  |c 18 cm. 
440 0 |a Matemática preuniversitaria 
100 1 |a Larotonda, Ángel Rafael,  |d 1939-2005. 
084 |a 97-01  |2 MR 
859 |h 97  |i L331  |p A-8201  |b BIB. MATEMATICA